000 00393nam a2200145Ia 4500
008 231129s1988||||xx |||||||||||||| ||spa||
020 _a84-345-8642-8
040 _bspa
082 _a(i) 891.863 P963v
100 _aProcházka Jan
245 0 _aViva la república
260 _c1988
264 _aMadrid España : Salvat Alfaguara
942 _2ddc
_cBKS
999 _c26377
_d26377